02045cam a2200241 i 4500999001700000020001800017020001500035041000900050082002200059100002800081245006700109260004000176300001500216504006700231520121300298546001301511650004301524650003201567650003501599650002501634942001201659952013201671 c37964d37964 a9788131611463 a8131611469 aeng.04a305.420954bSHA-D1 aSharma, Sunitaeauthor.10aDalit women :bfrom exclusion to integration /cSunita Sharma. aJaipur :bRawat Publication,c2022. axiv, 240p. aIncludes bibliographical references (pages 227-230) and index. aThis book is about determining the nature and dynamics of exclusion of dalit women from the social milieu. Within the community too, the women are not a homogenous group, their heterogeneity brings with itself the complexities of the society they live in and deprived further by their own people. Taking dalit feminist standpoint into account the struggle of dalit women, whose cause was taken up by political philosophers in the 19th century and yet they still remain on the periphery. A closer look into this historically excluded group allows us to form an understanding of their integration into the mainstream society primarily through pedagogical method which differentiates them from the upper caste and class. Despite governmental efforts, the societal attitude remains discriminatory which is one of the greatest challenges in breaking hegemony of the privileged class for parity. An emancipatory possibility can emerge significantly with a gendered viewpoint undertaken in the governmental policies and the consciousness of civil society for providing agency and identity to the most disadvantaged and excluded group. This assimilative process can make the task of integration possible and easier.  aEnglish. 0aDalit womenzIndiaxSocial conditions. 0aMarginality, SocialzIndia. 0aDalit womenxEducationzIndia. 0aSociologistszIndia. 2ddccBK 00104070aNASSDOCbNASSDOCd2023-03-16eOverseasg0.00l0o305.420954 SHA-Dp53348r2023-05-17 00:00:00v0.00w2023-05-17yBK